000 00882cam a2200253 4500
003 OSt
005 20171028161535.0
008 731001s1973 enk b 001 0 eng
020 _a0406594031
020 _a040659404X (pbk.)
040 _aDLC
_cDLC
_dDLC
082 0 0 _a342.09
_222
_bHAR
100 1 _aHart, William O.
_cSir,
_d1866-1942.
_9603
245 1 0 _aHart's Introduction to the Law of Local Government and Administration /
_cWilliam O. Hart and J. F. Garner.
250 _a9th ed.
260 _aLondon :
_bButterworths,
_c1973.
300 _alxxi, 772, 67 p.
_c23 cm.
350 _a£6.80
504 _aIncludes bibliographical references.
650 0 _aLocal government
_xLaw and legislation
_zGreat Britain.
_9604
700 1 _aGarner, J. F.
_q(John Francis),
_d1914-
_eed.
_9606
740 0 _aIntroduction to the law of local government and administration.
942 _2ddc
_cBK
999 _c206
_d206